000 00569nam a2200241 a 4500
001 nice12345678
003 IN_TiNIC
005 20260116011342.0
008 050524s1964 alia grp 000 0 urd
020 _a
_c100
082 0 0 _a956.7
_bMAH
100 _aMahmudul, Haqq
245 _aIraq
260 _aAligarh
_bIdarah-E-Uloom Islamia
_c1964
300 _a258p
500 _aincludes index and biblioraphy
505 2 _aNotes, Bibliography, Index
650 _aIraq-History
700 1 _aMahmudul, Haqq
902 _bSRS
942 _cBK
999 _c767
_d767